Statistiques concernant Taylor Swift - Paroles cardigan

Cliquez ici pour prendre le quiz!

Statistiques générales

  • Ce quiz a été pris 309 fois
    (152 depuis la dernière actualisation)
  • Le résultat moyen est 276 sur 337

Statistiques - réponses

HintRéponse% Correct
a
100%
Couplet 2A
100%
I
100%
you
100%
You
100%
when
99%
When
99%
are
96%
knew
96%
the
95%
The
95%
nothin'
94%
we
94%
young
94%
an
93%
in
93%
know
93%
like
93%
on
93%
Your
93%
your
93%
be
92%
Chorus | Couplet 3But
92%
was
92%
Was
92%
RefrainAnd
91%
and
91%
my
91%
assume
90%
cardigan
90%
me
90%
nothing
90%
they
90%
BridgeTo
90%
to
90%
all
89%
under
88%
Under
88%
kiss
87%
said
87%
favorite
86%
put
86%
felt
85%
around
84%
new
84%
old
84%
bed
83%
scars
83%
stars
83%
Chorus'Cause
82%
drew
82%
I'm
82%
now
82%
Couplet 1Vintage
82%
bleedin'
81%
brand
80%
is
79%
phone
79%
someone's
79%
needed
78%
cars
77%
Dancin'
77%
friend
77%
tee
77%
bars
75%
downtown
75%
High
75%
what
75%
heels
74%
none
74%
one
74%
politics
72%
girls
70%
Sensual
70%
Chase
68%
it
68%
lipstick
68%
lose
67%
black
66%
two
66%
water
65%
you'd
64%
You'd
64%
Drunk
62%
Line
62%
line
62%
Peter
62%
Running
62%
Wendy
62%
Baby
61%
everything
61%
Giving
61%
streetlight
61%
back
60%
better
60%
father
60%
come
59%
Levi's
59%
of
59%
last
58%
long
58%
losing
58%
Once
58%
once
58%
Leavin'
57%
tatoo
57%
weekends
57%
smile
56%
hide
55%
sweatshirt
55%
Hand
54%
change
53%
for
53%
seek
52%
ending
51%
smell
51%
time
51%
curse
50%
ifs
50%
Playing
50%
smoke
50%
standing
50%
this
50%
train
50%
longest
49%
would
48%
bloodstain
47%
cobblestones
47%
haunt
47%
I'd
47%
porch
47%
Marked
46%
miss
46%
front
45%
lifetimes
45%
Steppin'
45%
grocery
43%
light
43%
Sequin
43%
expired
42%
linger
42%
Tried
42%
hang
41%
Chasin'
40%
heartbeat
40%
shadows
39%
thrill
38%
20
33%

Distribution des résultats

Percentile par nombre de réponses

% des personnes avec chaque résultat

Votre développement - résultats

Vous n’avez pas pris ce quiz depuis la dernière actualisation